000 00643nam a2200253 i 4500
001 C2-0005115
003 PPAK
005 20190630221829.0
008 970122s1982 enka|||| ||||| | eng d
020 _a074810173X
040 _aPPAK
_beng
_cPPAK
_erda
082 0 4 _a930.1
_223
090 0 0 _a930.1
_bARD
_dR
100 1 _aArduini, P.,
_eauthor
245 1 0 _aPrehistoric atlas
264 1 _aLondon :
_bBlack Cat ,
_c1982
300 _a95 pages :
_billustrations ;
_c32 cm
336 _2rdacontent
_atext
337 _2rdamedia
_aunmediated
338 _2rdacarrier
_avolume
650 1 0 _aArcheology
700 _eauthor
942 _ddc
_cB
999 _c1409
_d1409